000 00434nam a2200097Ia 4500
008 220216s9999 xx 000 0 und d
100 _aLakshmanan Radha
245 0 _aMechanised land preparation for Hevea planting and plant growth: A case study
260 _bIRC 2012. International Rubber Conference, 28-31 October 2012, Kovalam, India, Rubber Research Institute of India, Kottayam and IRRDB, Malaysia: Abstracts. pp.160.
942 _cJS
999 _c62757
_d62757